| АИС "Историко-культурное наследие Беларуси" | ||
| Базовый | Расширенный | Профессиональный | Словарь персоналий | Тематический словарь | По видам объектов | История запросов Заказы | Регистрация | |
Запись в MARC-формате
| копировать MARC-запись |
=LDR 00000nx\\c22001933\\45\\
=001 BY-NLB-ar90001
=005 20160330095644.9
=100 \\$a20001231arusy50\\\\\\ca0
=152 \\$apsbo
=160 \\$ae-bw
=215 \\$aИщелно, деревня (Щучинский район)
=356 \\$aНаходится в Можейковском сельсовете Щучинского района Гродненской области.
=515 \\$5w$3BY-NLB-ar90002$aІшчална, вёска (Шчучынскі раён)
=801 \2$aBY$bBY-HM0000$c20070914
=801 \0$aBY$bBY-HM0000$c20001231
=801 \1$aBY$bBY-HM0000$c20040804
=810 \\$aНазвы населеных пунктаў Рэспублікі Беларусь : Гродзен. вобл. : нармат. давед. – Мн., 2004.
=810 \\$aЕдиный реестр административно-территориальных и территориальных единиц Республики Беларусь : [электрон. ресурс : данные по состоянию на 14.09.2007].
=999 \\$g2786$t20070914
Чтобы вернуться назад, щелкните кнопку BACK на Вашем браузере